Polynesian Numbers 10x10 - Statistics

General Stats
  • This quiz has been taken 16 times
  • The average score is 55 of 100
Answer Stats
% Correct
6 ono
92%
6 ōno
92%
5 lima
85%
2 lua
85%
4 fa
77%
4
77%
3 tolu
77%
3 toru
77%
9 iva
69%
9 iwa
69%
5 rima
69%
2 rua
69%
1 tahi
69%
1 tasi
69%
4 whā
69%
7 fitu
62%
8 waru
62%
7 whitu
62%
4 'ehā
54%
10 sefulu
54%
8 valu
54%
4 e fa
46%
1 'ekahi
46%
3 'ekolu
46%
5 'elima
46%
2 'elua
46%
6 e ono
46%
6 'eono
46%
4 ha
46%
10 tekau
46%
2 ua
46%
7 'ehiku
38%
9 'eiwa
38%
1 e tahi
38%
8 'ewalu
38%
9 hiva
38%
5 nima
38%
1 taha
38%
10 umi
38%
7 e fitu
31%
5 e íma
31%
7 hitu
31%
9 e iva
23%
2 e úa
23%
8 e vaú
23%
10 hongofulu
23%
3 e toú
15%
4 maha
15%
5 pae
15%
8 varu
15%
8 va'u
15%
10 'ahuru
8%
10 hefulu
8%
2 piti
8%
10 agafulu
0%
10 hōe'ahuru
0%
10 ónohuú
0%
10 rongo'uru
0%
No matching quizzes found
Score Distribution
Percent of People with Each Score
Percentile by Number Answered
Your Score History
You have not taken this quiz